Central Library OPAC University of Rajshahi

Effective business report writing / (Record no. 61080)

MARC details
000 -LEADER
fixed length control field 00696nam a2200241 a 4500
001 - CONTROL NUMBER
control field 61080
003 - CONTROL NUMBER IDENTIFIER
rucl marc code BD-RjUL
005 - DATE AND TIME OF LATEST TRANSACTION
control field 20211209080923.0
008 - FIXED-LENGTH DATA ELEMENTS--GENERAL INFORMATION
fixed length control field 170115s1961 njua 001 0 eng
035 ## - SYSTEM CONTROL NUMBER
System control number (BD-RjUL)61204
040 ## - CATALOGING SOURCE
Original cataloging agency DLC
Transcribing agency OClU
Modifying agency OCoLC
-- BD-RjUL
Language of cataloging eng
041 ## - LANGUAGE CODE
Language code of text/sound track or separate title eng
082 ## - DEWEY DECIMAL CLASSIFICATION NUMBER
Classification number 651.78
Edition number 23
Author mark and year BRE 1961
100 1# - MAIN ENTRY--PERSONAL NAME
Personal name Brown, Leland.
9 (RLIN) 182284
245 10 - TITLE STATEMENT
Title Effective business report writing /
Statement of responsibility, etc. Leland Brown,
260 ## - PUBLICATION, DISTRIBUTION, ETC. (IMPRINT)
Place of publication, distribution, etc. Englewood Cliffs, N.J.,
Name of publisher, distributor, etc. Prentice-Hall
Date of publication, distribution, etc. c1955[printing 1961]
300 ## - PHYSICAL DESCRIPTION
Pagination 420 p. :
Illustrations ill. ;
Size 24 cm.
500 ## - GENERAL NOTE
General note Include index
650 #0 - SUBJECT ADDED ENTRY--TOPICAL TERM
Topical term or geographic name as entry element Report writing.
9 (RLIN) 182285
Topical term or geographic name as entry element Business.
9 (RLIN) 175150
942 ## - ADDED ENTRY ELEMENTS (KOHA)
Source of classification or shelving scheme Dewey Decimal Classification
Koha item type Books
Holdings
Lost status Source of classification or shelving scheme Damaged status Not for loan Collection code Permanent Location Current Location Shelving location Date acquired Source of acquisition Cost, normal purchase price Total Checkouts Full call number Date last seen Copy number Koha item type
  Dewey Decimal Classification   Not For Loan Non-fiction Central Library, University of Rajshahi Central Library, University of Rajshahi Reading Room 31/01/1963 Zeitlinger 56.00   651.78 BRE 1961 15/01/2017 C-1 Books
  Dewey Decimal Classification     Non-fiction Central Library, University of Rajshahi Central Library, University of Rajshahi   31/01/1963 Zeitlinger 56.00   651.78 BRE 1961 04/06/2017 C-2 Books